Policía, violencia, democracia : ensayos sociológicos /
Guardado en:
| Formato: | Desconocido |
|---|---|
| Idioma: | Spanish |
| Publicado: |
Buenos Aires :
UNL,
2005
|
| Edición: | 1º ed. |
| Series: | Ciencia y técnica
|
| Materias: | |
| Etiquetas: |
Agregar Etiqueta
Sin Etiquetas, Sea el primero en etiquetar este registro!
|
| LEADER | 00583nac a22001815a 4500 | ||
|---|---|---|---|
| 001 | DER.der001316 | ||
| 008 | 180615s2005####ag#||||||||||||||#||spa|| | ||
| 005 | 20241018112916.0 | ||
| 245 | 1 | 0 | |a Policía, violencia, democracia : |b ensayos sociológicos / |c dirigido por Máximo Sozzo. |
| 250 | |a 1º ed. | ||
| 260 | |a Buenos Aires : |b UNL, |c 2005 | ||
| 300 | |a 224 p. | ||
| 490 | 1 | |a Ciencia y técnica | |
| 020 | |a 9875085871 | ||
| 700 | 1 | |a Sozzo, Máximo, |e dir. | |
| 650 | 7 | |a CONFLICTOS SOCIALES | |
| 859 | |a DERECHO |b BIB. DERECHO |h 303.6 |i SOZ |p 003372 | ||
| 859 | |a DERECHO |b BIB. DERECHO |h 303.6 |i SOZ |p 003373 |t 1 | ||
